[Event "2BLW 1920 SV Koblenz - DJK Aachen"]
[Site "?"]
[Date "2020.03.01"]
[Round "7.8"]
[White "Stewart, Neil"]
[Black "Juegel, Marcel"]
[Result "1/2-1/2"]
[WhiteElo "2236"]
[BlackElo "2211"]
[PlyCount "65"]
[EventDate "2020.??.??"]

1. d4 e6 2. c4 b6 3. a3 Bb7 4. Nc3 f5 5. Nf3 Nf6 6. d5 Be7 7. g3 O-O 8. Bg2 Na6
9. b4 Ne4 10. Bb2 Bf6 11. Nd4 Nxc3 12. Bxc3 c5 13. dxc6 Bxc6 14. f3 Bb7 15. Rc1
Nc7 16. O-O a6 17. a4 Qe7 18. Qd3 d5 19. e4 dxe4 20. fxe4 Bg5 21. Rcd1 Rad8 22.
exf5 Bxg2 23. Kxg2 Qe8 24. fxe6 Bf6 25. Qe4 Rd6 26. Rde1 Qxa4 27. e7 Re8 28.
Nf5 Re6 29. Qf3 Qc2+ 30. Rf2 Qxc3 31. Qg4 Qxe1 32. Nh6+ Kh8 33. Nf7+ 1/2-1/2

[Event "2BLW 1920 SC Siegburg - TSV Schott Main"]
[Site "?"]
[Date "2020.03.01"]
[Round "7.1"]
[White "Lobron, Eric"]
[Black "Andreev, Eduard"]
[Result "1-0"]
[WhiteElo "2501"]
[BlackElo "2420"]
[PlyCount "167"]
[EventDate "2020.??.??"]

1. d4 Nf6 2. Nf3 c5 3. d5 d6 4. c4 g6 5. Nc3 Bg7 6. e4 O-O 7. Bd3 Bg4 8. h3
Bxf3 9. Qxf3 e6 10. O-O exd5 11. exd5 Nbd7 12. Qd1 a6 13. Bd2 Rb8 14. a4 Ne8
15. b3 f5 16. f4 Nc7 17. a5 Qh4 18. Qf3 Rbe8 19. Rae1 Nf6 20. Qf2 Qh6 21. Rxe8
Rxe8 22. Re1 Bh8 23. Rxe8+ Nfxe8 24. Qf3 Qh4 25. g4 Bd4+ 26. Kg2 fxg4 27. hxg4
Nf6 28. Be2 Nce8 29. Nd1 h5 30. g5 Ng4 31. Qg3 Qxg3+ 32. Kxg3 Ng7 33. Bxg4 hxg4
34. Kxg4 Nf5 35. Kf3 Kf7 36. Ke4 Ke7 37. Kd3 Kd7 38. Be3 Bg7 39. Bf2 Ke7 40.
Be1 Bd4 41. Bc3 Bg1 42. Bf6+ Kd7 43. Nc3 Be3 44. Ne2 Bf2 45. Bc3 Kc7 46. Ke4
Nh4 47. Nc1 Nf5 48. Kf3 Bd4 49. Bxd4 Nxd4+ 50. Ke4 b6 51. axb6+ Kxb6 52. Kd3
Nf5 53. Ne2 Ka5 54. Kc3 Kb6 55. Kb2 Kc7 56. Ka3 Kb7 57. Ka4 Kb6 58. Nc3 Nd4 59.
Ne4 Kc7 60. Ng3 Kd7 61. b4 cxb4 62. Kxb4 Ke7 63. Ka5 Nc2 64. f5 Ne3 65. f6+ Kd7
66. Kb4 a5+ 67. Kc3 a4 68. Ne4 a3 69. Nd2 Ng4 70. Kb3 Ne5 71. Kxa3 Nf7 72. Nf3
Kc7 73. Ka4 Kb6 74. Kb4 Kc7 75. Nd4 Kb6 76. Ne6 Ka6 77. c5 dxc5+ 78. Kxc5 Kb7
79. d6 Kc8 80. Kc6 Ne5+ 81. Kd5 Nf7 82. Nf8 Nxg5 83. d7+ Kc7 84. Ne6+ 1-0

[Event "2BLW 1920 SC Siegburg - TSV Schott Main"]
[Site "?"]
[Date "2020.03.01"]
[Round "7.2"]
[White "Jackelen, Thomas"]
[Black "Krivonosov, Oleg"]
[Result "1/2-1/2"]
[WhiteElo "2418"]
[BlackElo "2391"]
[PlyCount "65"]
[EventDate "2020.??.??"]

1. Nf3 Nf6 2. c4 e6 3. g3 d5 4. Bg2 Be7 5. d4 O-O 6. O-O Nbd7 7. Qc2 c6 8. b3
b6 9. Bb2 Bb7 10. Nc3 Qc7 11. e4 dxe4 12. Nxe4 c5 13. Nxf6+ Bxf6 14. dxc5 Qxc5
15. Rad1 Rad8 16. Rd2 Bxb2 17. Qxb2 Nf6 18. Rfd1 Rxd2 19. Rxd2 b5 20. Ne5 Bxg2
21. Kxg2 bxc4 22. bxc4 h6 23. Qb5 Qc7 24. Nd7 Rc8 25. Nxf6+ gxf6 26. Rd7 Qxc4
27. Qxc4 Rxc4 28. Rxa7 Rc3 29. g4 Kg7 30. f3 Rc5 31. Kg3 f5 32. h3 h5 33. gxh5
1/2-1/2

[Event "2BLW 1920 SC Siegburg - TSV Schott Main"]
[Site "?"]
[Date "2020.03.01"]
[Round "7.3"]
[White "Balcerak, Jakob"]
[Black "Grinev, Valeriy"]
[Result "1-0"]
[WhiteElo "2475"]
[BlackElo "2446"]
[PlyCount "155"]
[EventDate "2020.??.??"]

1. d4 d5 2. c4 e6 3. Nc3 Be7 4. Nf3 Nf6 5. Bf4 O-O 6. e3 Nbd7 7. c5 Nh5 8. Bd3
Nxf4 9. exf4 b6 10. b4 a5 11. a3 c6 12. O-O Qc7 13. g3 Ba6 14. Bxa6 Rxa6 15.
Qe2 Rfa8 16. b5 cxb5 17. Nxd5 exd5 18. Qxe7 Rc8 19. c6 Nf6 20. Qxc7 Rxc7 21.
Rac1 Ra8 22. Ne5 Ne4 23. Nd7 Nd2 24. Nxb6 Rd8 25. Rc5 Kf8 26. Nxd5 Rxc6 27.
Rxc6 Nxf1 28. Rc5 Nd2 29. Rxb5 a4 30. Ne3 Nf3+ 31. Kg2 Nxd4 32. Ra5 g6 33. Rxa4
Nb5 34. Ra5 Nc3 35. f5 Kg7 36. Rc5 Ne4 37. Rc4 Nd2 38. Rb4 Rd3 39. a4 Ra3 40.
fxg6 hxg6 41. Nc4 Nxc4 42. Rxc4 Kf6 43. h4 Ke6 44. Kf1 Ra2 45. Re4+ Kf5 46.
Rf4+ Ke6 47. Kg2 Ra3 48. Kh3 Ke7 49. Kg4 Kf8 50. h5 Kg7 51. hxg6 fxg6 52. Kg5
Rc3 53. Rb4 Rc5+ 54. Kf4 Rc2 55. f3 Rc3 56. g4 Kh6 57. a5 Ra3 58. Rb5 Ra4+ 59.
Ke3 Ra3+ 60. Ke4 Ra4+ 61. Kd5 Kg5 62. Kc6+ Kf4 63. Kb7 Kxf3 64. g5 Re4 65. a6
Re7+ 66. Kc8 Re8+ 67. Kb7 Re7+ 68. Kb6 Re6+ 69. Ka5 Re7 70. Rc5 Kg4 71. Kb6 Kh5
72. a7 Re8 73. Ra5 Kg4 74. Kc6 Rd8 75. a8=Q Rxa8 76. Rxa8 Kxg5 77. Kd5 Kf4 78.
Rf8+ 1-0

[Event "2BLW 1920 SC Siegburg - TSV Schott Main"]
[Site "?"]
[Date "2020.03.01"]
[Round "7.4"]
[White "Omelja, Artem"]
[Black "Cicak, Slavko"]
[Result "1/2-1/2"]
[WhiteElo "2499"]
[BlackElo "2482"]
[PlyCount "148"]
[EventDate "2020.??.??"]

1. d4 g6 2. e4 Bg7 3. Nc3 c6 4. h3 d6 5. Nf3 b5 6. Be3 Nd7 7. Bd3 Bb7 8. a4 a6
9. O-O e5 10. axb5 cxb5 11. d5 Ngf6 12. Nd2 Nc5 13. b4 Nxd3 14. cxd3 Rc8 15.
Qb3 Nh5 16. Ne2 f5 17. f3 Nf4 18. Bxf4 exf4 19. d4 O-O 20. Qd3 Qb6 21. Rac1
Rce8 22. Nb3 fxe4 23. fxe4 g5 24. Na5 Bc8 25. Nc6 Qc7 26. Kh2 Qf7 27. Ng1 Qg6
28. Rce1 h5 29. Qc3 g4 30. e5 dxe5 31. dxe5 Bb7 32. Qc5 Bxc6 33. dxc6 Qe6 34.
c7 Rf7 35. Re4 Rc8 36. Qd6 Re7 37. hxg4 hxg4 38. Ne2 f3 39. Qxe6+ Rxe6 40. gxf3
gxf3 41. Rxf3 Rxe5 42. Rxe5 Bxe5+ 43. Kg2 Rxc7 44. Ra3 Rc6 45. Kf3 Kf7 46. Ke4
Ke6 47. Nd4+ Bxd4 48. Kxd4 Kd6 49. Kd3 Kd5 50. Ra1 Kd6 51. Rh1 Kc7 52. Rh8 Kb7
53. Rh7+ Kb6 54. Rh8 Rg6 55. Kc3 Kc6 56. Kb3 Rg3+ 57. Kb2 Kd5 58. Rh5+ Kd4 59.
Rh4+ Kd5 60. Rh5+ Kc4 61. Rh4+ Kd3 62. Rh6 Re3 63. Rc6 Re1 64. Rc3+ Kd4 65. Rc6
Kd5 66. Rc5+ Kd6 67. Rh5 Re5 68. Rh8 Kd5 69. Rc8 Re6 70. Rc5+ Kd4 71. Rc8 Rd6
72. Kb3 Kd5 73. Rc5+ Kd4 74. Rc8 Kd5 1/2-1/2

[Event "2BLW 1920 SC Siegburg - TSV Schott Main"]
[Site "?"]
[Date "2020.03.01"]
[Round "7.5"]
[White "Goebel, Constantin"]
[Black "Zavgorodniy, Sergiy"]
[Result "1-0"]
[WhiteElo "2264"]
[BlackElo "2425"]
[PlyCount "111"]
[EventDate "2020.??.??"]

1. e4 e5 2. Nf3 d6 3. d4 exd4 4. Nxd4 Nf6 5. Nc3 Be7 6. Bc4 O-O 7. O-O c6 8. a4
Nxe4 9. Nxe4 d5 10. Bd3 dxe4 11. Bxe4 Bf6 12. c3 Re8 13. Bc2 Bxd4 14. cxd4 Be6
15. Ra3 Nd7 16. Rg3 Nf8 17. b3 Qd7 18. d5 Qxd5 19. Bb2 g6 20. Qc1 f6 21. Bxf6
Bf5 22. Ba1 Bxc2 23. Qb2 Ne6 24. Qh8+ Kf7 25. Qxh7+ Kf8 26. Rf3+ Qxf3 27. gxf3
Rad8 28. Qh8+ Ke7 29. Bf6+ Kd6 30. Qh6 Kc7 31. Bxd8+ Rxd8 32. Qe3 Nd4 33. Re1
Bxb3 34. Qf4+ Kb6 35. Re7 Rd5 36. Qc7+ Kc5 37. Re3 Rg5+ 38. Kh1 Kc4 39. Qxb7
Bd1 40. Qf7+ Rd5 41. Kg2 a5 42. Qxg6 Bxa4 43. Qd3+ Kc5 44. Qc3+ Kb6 45. Re5 Nc2
46. Rxd5 cxd5 47. h4 d4 48. Qd2 d3 49. Kg3 Bb5 50. h5 a4 51. h6 a3 52. h7 a2
53. h8=Q a1=Q 54. Qxa1 Nxa1 55. Qb2 Nc2 56. Qc3 1-0

[Event "2BLW 1920 SC Siegburg - TSV Schott Main"]
[Site "?"]
[Date "2020.03.01"]
[Round "7.6"]
[White "Maly, Alexey"]
[Black "Mueller, Marco"]
[Result "1-0"]
[WhiteElo "2368"]
[BlackElo "2219"]
[PlyCount "79"]
[EventDate "2020.??.??"]

1. d4 d5 2. c4 e6 3. Nf3 c5 4. dxc5 Bxc5 5. e3 Nf6 6. a3 dxc4 7. Qxd8+ Kxd8 8.
Bxc4 a6 9. b4 Bd6 10. Bb2 Ke7 11. Nbd2 Nbd7 12. O-O b5 13. Be2 Bb7 14. Nb3 Rac8
15. Na5 Bd5 16. Nd4 Rc7 17. f3 Rhc8 18. e4 Ba8 19. Rfd1 Be5 20. a4 Rc2 21. Nxc2
Bxb2 22. Nd4 Bxa1 23. Rxa1 bxa4 24. Bxa6 Rc7 25. Rxa4 Rc1+ 26. Kf2 Nb6 27. Ra2
Nfd7 28. Be2 g6 29. b5 f5 30. Nac6+ Kf6 31. exf5 e5 32. Nb3 Rc3 33. Nba5 gxf5
34. Rd2 Ke6 35. Bd1 Nc5 36. Rd8 Rd3 37. Bb3+ Kf6 38. Rf8+ Kg7 39. Rf7+ Kh6 40.
Nxe5 1-0

[Event "2BLW 1920 Bochumer SV 02 - SC Hansa Dor"]
[Site "?"]
[Date "2020.03.01"]
[Round "7.1"]
[White "Heberla, Bartlomiej"]
[Black "Zaitsev, Mikhail"]
[Result "1/2-1/2"]
[WhiteElo "2571"]
[BlackElo "2415"]
[PlyCount "120"]
[EventDate "2020.??.??"]

1. e4 e5 2. Nf3 Nf6 3. Nxe5 d6 4. Nf3 Nxe4 5. Nc3 Nf6 6. d4 Be7 7. Bd3 O-O 8.
h3 Re8 9. O-O Nbd7 10. Ne2 Nf8 11. Ng3 Ng6 12. c4 c6 13. Re1 Bf8 14. Rxe8 Nxe8
15. Qc2 Be7 16. Bd2 Be6 17. Re1 Nc7 18. Nh5 Qd7 19. Ng5 d5 20. c5 Re8 21. a4
Qc8 22. f4 Bxg5 23. fxg5 Bd7 24. Rxe8+ Qxe8 25. Qc1 Ne6 26. Be3 b6 27. b4 Qb8
28. cxb6 Qxb6 29. Qd2 Qb8 30. Qe1 Qd8 31. Qg3 c5 32. dxc5 Bxa4 33. Bd2 Qc7 34.
Qxc7 Nxc7 35. Nf4 Ne5 36. Be2 f6 37. Bc3 Kf7 38. Kf2 Ng6 39. Bh5 fxg5 40. Nxg6
hxg6 41. Bf3 Bc6 42. Be5 Ne6 43. Be2 Bb7 44. g3 a6 45. c6 Bxc6 46. Bxa6 Bd7 47.
Bf1 Ke7 48. b5 Kd8 49. b6 Bc6 50. Kf3 Bb7 51. Bd3 Kd7 52. Bxg6 Kc6 53. Bf5 Bc8
54. Bxg7 Nxg7 55. Bxc8 Kxb6 56. Kg4 Kc7 57. Ba6 Ne6 58. Kf5 Nc5 59. Bb5 Ne4 60.
Bd3 Nxg3+ 1/2-1/2

[Event "2BLW 1920 Bochumer SV 02 - SC Hansa Dor"]
[Site "?"]
[Date "2020.03.01"]
[Round "7.2"]
[White "Zatonskih, Anna"]
[Black "Kuzmicz, Krystian"]
[Result "1/2-1/2"]
[WhiteElo "2427"]
[BlackElo "2469"]
[PlyCount "115"]
[EventDate "2020.??.??"]

1. d4 Nf6 2. c4 Nc6 3. Nf3 e6 4. Nc3 Bb4 5. Qc2 d6 6. Bd2 e5 7. a3 Bxc3 8. Bxc3
Qe7 9. d5 Nd8 10. e3 O-O 11. Be2 Ne8 12. O-O f5 13. Nd2 g5 14. Rae1 f4 15. Bd3
Nf6 16. f3 Nf7 17. g3 fxe3 18. Rxe3 Nh6 19. f4 Bh3 20. fxg5 Nfg4 21. Rxf8+ Rxf8
22. Rf3 Qxg5 23. Ne4 Qg7 24. Rxf8+ Kxf8 25. Qd2 Nf7 26. c5 Nf6 27. cxd6 cxd6
28. Qf2 Nxe4 29. Bxe4 Qh6 30. Bd2 Qh5 31. Qf3 Qxf3 32. Bxf3 Bf5 33. Kf2 Ke7 34.
g4 Bc2 35. h4 Kf6 36. Kg3 h6 37. Bg2 Bd3 38. Be3 a6 39. b4 Bc2 40. Bd2 Kg6 41.
Be3 Kf6 42. Bc1 Ba4 43. Be4 Bd7 44. Be3 b5 45. Bc2 Bc8 46. a4 Bd7 47. axb5 Bxb5
48. Be4 Bc4 49. Kf2 Bb5 50. Bb6 Bd7 51. Bd3 Bb5 52. Be4 Bd7 53. Kg3 Bb5 54. Bf5
h5 55. Be6 hxg4 56. Bxg4 Bd3 57. Be6 Bb5 58. Bxf7 {(=)} 1/2-1/2

[Event "2BLW 1920 Bochumer SV 02 - SC Hansa Dor"]
[Site "?"]
[Date "2020.03.01"]
[Round "7.4"]
[White "Jellinghaus, Lars"]
[Black "Baum, Jonasz"]
[Result "0-1"]
[WhiteElo "2226"]
[BlackElo "2391"]
[PlyCount "48"]
[EventDate "2020.??.??"]

1. d4 Nf6 2. c4 e6 3. Nc3 Bb4 4. e3 O-O 5. Nge2 Re8 6. a3 Bf8 7. Ng3 d5 8. Bd3
b6 9. O-O Bb7 10. Qc2 Nbd7 11. cxd5 exd5 12. b4 c5 13. bxc5 bxc5 14. dxc5 Nxc5
15. Bb5 Re6 16. Bb2 Rc8 17. Rfd1 Nce4 18. Qb3 Nxf2 19. Kxf2 Ng4+ 20. Kg1 Qh4
21. Nce2 Qxh2+ 22. Kf1 Nxe3+ 23. Qxe3 Rxe3 24. Kf2 d4 0-1

[Event "2BLW 1920 Bochumer SV 02 - SC Hansa Dor"]
[Site "?"]
[Date "2020.03.01"]
[Round "7.5"]
[White "Scholz, Christian"]
[Black "Kiese, Matthias"]
[Result "1/2-1/2"]
[WhiteElo "2368"]
[BlackElo "2203"]
[PlyCount "95"]
[EventDate "2020.??.??"]

1. d4 d5 2. c4 e6 3. Nc3 Nf6 4. cxd5 exd5 5. Bg5 Be7 6. Qc2 c6 7. e3 Nbd7 8.
Bd3 O-O 9. Nge2 Re8 10. O-O Nf8 11. f3 Be6 12. Rad1 Rc8 13. e4 dxe4 14. fxe4
Ng4 15. Bxe7 Qxe7 16. Qd2 c5 17. Bb5 Red8 18. d5 Bd7 19. Bxd7 Rxd7 20. h3 Ne5
21. Ng3 c4 22. d6 Qd8 23. Nd5 Nfg6 24. Nf5 Kh8 25. Qd4 Qa5 26. b4 cxb3 27. axb3
Qc5 28. Qxc5 Rxc5 29. Rc1 Rxc1 30. Rxc1 h5 31. Rc7 Kh7 32. Nde7 Nf8 33. Nc8 Ne6
34. Rc3 g6 35. Ne3 Kg7 36. b4 Nd4 37. Kf2 a6 38. Rc7 Nb5 39. Rxd7 Nxd7 40. Nc4
Kf6 41. Ke3 Ke6 42. Kd3 f6 43. Ne7 g5 44. Nf5 h4 45. Ng7+ Kf7 46. Nf5 Ke6 47.
Ng7+ Kf7 48. Nf5 1/2-1/2

[Event "2BLW 1920 Bochumer SV 02 - SC Hansa Dor"]
[Site "?"]
[Date "2020.03.01"]
[Round "7.6"]
[White "Pewny, Uwe"]
[Black "Kalka, Arkadius Georg"]
[Result "0-1"]
[WhiteElo "2209"]
[BlackElo "2340"]
[PlyCount "104"]
[EventDate "2020.??.??"]

1. e4 c5 2. Nf3 d6 3. d4 cxd4 4. Nxd4 Nf6 5. Nc3 g6 6. Be3 Bg7 7. f3 Nc6 8. Bc4
O-O 9. Bb3 Na5 10. h4 Nxb3 11. Nxb3 Be6 12. g4 Qc8 13. Bd4 d5 14. e5 Nd7 15.
Qe2 Qc4 16. Qe3 Qc7 17. f4 Bxg4 18. Nxd5 Qd8 19. Qe4 e6 20. Ne3 Bh5 21. Kd2 a5
22. a4 b5 23. Kc1 f6 24. exf6 Nxf6 25. Qxe6+ Kh8 26. Be5 b4 27. Kb1 Re8 28. Qh3
Rc8 29. Qg2 Qb6 30. Re1 Re6 31. Ka2 Qd8 32. Qb7 Rb6 33. Qa7 Rbc6 34. Nd4 Qg8+
35. Nb3 Bf3 36. Kb1 Be4 37. Nd4 Rc5 38. Qe7 Rxe5 39. fxe5 Re8 40. Qc5 Nd7 41.
Qxa5 b3 42. Qb5 bxc2+ 43. Nexc2 Bxc2+ 44. Nxc2 Nxe5 45. a5 Qf8 46. Ra2 Rb8 47.
Qd5 Rd8 48. Qe4 Nf3 49. Qe6 Nxe1 50. Qxe1 Qf3 51. Ne3 Qe4+ 52. Ka1 Qxe3 0-1

[Event "2BLW 1920 Bochumer SV 02 - SC Hansa Dor"]
[Site "?"]
[Date "2020.03.01"]
[Round "7.7"]
[White "Ackermann, Hans Werner"]
[Black "Kraemer, Matthias"]
[Result "0-1"]
[WhiteElo "2242"]
[BlackElo "2219"]
[PlyCount "90"]
[EventDate "2020.??.??"]

1. Nf3 g6 2. d4 Nf6 3. c4 d6 4. Nc3 Bf5 5. h3 Bg7 6. g4 Bc8 7. Bg2 O-O 8. Bg5
Nbd7 9. Qd2 c5 10. Rd1 a6 11. O-O b6 12. dxc5 bxc5 13. e4 Bb7 14. Rfe1 Re8 15.
Qc2 Qb8 16. Bf4 e5 17. Bg5 h6 18. Bc1 Nf8 19. Nd5 Nxd5 20. cxd5 a5 21. Nd2 Ba6
22. Nc4 Qc7 23. Bf1 Reb8 24. Re3 Bb5 25. a4 Bd7 26. Bd2 Bf6 27. Rf3 Bg5 28. Be1
Nh7 29. Na3 Be7 30. Bb5 Ng5 31. Rc3 h5 32. Bxd7 Qxd7 33. Rg3 hxg4 34. hxg4 Kg7
35. Bd2 Rh8 36. Kg2 Rh4 37. Rh1 Rah8 38. Rxh4 Rxh4 39. f3 Qd8 40. Qc1 Qh8 41.
Bxg5 Rh2+ 42. Kf1 Rh1+ 43. Rg1 Qh3+ 44. Kf2 Rh2+ 45. Ke1 Bxg5 0-1

[Event "2BLW 1920 Bochumer SV 02 - SC Hansa Dor"]
[Site "?"]
[Date "2020.03.01"]
[Round "7.8"]
[White "Hinkmann, Jens"]
[Black "Kotter, Ralf"]
[Result "1/2-1/2"]
[WhiteElo "2098"]
[BlackElo "2354"]
[PlyCount "27"]
[EventDate "2020.??.??"]

1. e4 c5 2. Nc3 Nc6 3. g3 g6 4. Bg2 Bg7 5. d3 d6 6. Be3 Nd4 7. Qd2 Nf6 8. h3
Rb8 9. Nce2 Nxe2 10. Nxe2 O-O 11. e5 Nd7 12. exd6 exd6 13. d4 b6 14. Bf4
1/2-1/2

[Event "2BLW 1920 TSV Schott Mainz - SV Koblenz"]
[Site "?"]
[Date "2021.08.07"]
[Round "8.1"]
[White "Feller, Sebastien"]
[Black "Balcerak, Jakob"]
[Result "1-0"]
[WhiteElo "2572"]
[BlackElo "2480"]
[PlyCount "63"]
[EventDate "2021.??.??"]

1. d4 d5 2. c4 c6 3. Nc3 Nf6 4. e3 e6 5. Nf3 Nbd7 6. Qc2 Bd6 7. Be2 O-O 8. O-O
dxc4 9. Bxc4 b5 10. Bd3 Bb7 11. e4 e5 12. dxe5 Nxe5 13. Nxe5 Bxe5 14. h3 Re8
15. Be3 Qc7 16. f4 Bxc3 17. Qxc3 c5 18. e5 c4 19. Bf5 g6 20. Bg4 Nxg4 21. hxg4
f6 22. Bd4 fxe5 23. fxe5 Bc8 24. e6 Rxe6 25. Rf2 Bb7 26. Raf1 Rae8 27. Qd2 Qe7
28. Qh6 Re1 29. Rxe1 Qxe1+ 30. Rf1 Qe7 31. Rf6 Be4 32. Re6 1-0

[Event "2BLW 1920 TSV Schott Mainz - SV Koblenz"]
[Site "?"]
[Date "2021.08.07"]
[Round "8.2"]
[White "Cicak, Slavko"]
[Black "Sulskis, Sarunas"]
[Result "1-0"]
[WhiteElo "2482"]
[BlackElo "2523"]
[PlyCount "95"]
[EventDate "2021.??.??"]

1. e4 e5 2. Nf3 Nc6 3. Bb5 a6 4. Ba4 Nf6 5. d3 d6 6. c3 g6 7. Bg5 Bg7 8. Nbd2
h6 9. Bh4 O-O 10. Nf1 Ne7 11. Ne3 c6 12. Bb3 a5 13. a4 Qc7 14. Bxf6 Bxf6 15. h4
Ra6 16. h5 g5 17. Nh2 Bg7 18. Nhf1 d5 19. exd5 cxd5 20. Nxd5 Nxd5 21. Bxd5 Kh8
22. g4 f5 23. gxf5 Rxf5 24. Be4 Rf4 25. Ne3 Be6 26. Qe2 Qd7 27. Nc4 b5 28. axb5
Qxb5 29. O-O-O a4 30. Na3 Qb3 31. Qc2 Qb6 32. c4 Rxf2 33. Qc3 Qb3 34. Qxb3 axb3
35. Rdf1 Rf4 36. Kd2 Bf8 37. Kc3 Bxa3 38. bxa3 g4 39. Kxb3 Bf7 40. a4 g3 41.
Ra1 Rb6+ 42. Kc3 Rf2 43. Rhb1 Rxb1 44. Rxb1 Bxh5 45. Rg1 Be8 46. Kb3 Rf6 47. a5
Bg6 48. Bb7 1-0

[Event "2BLW 1920 TSV Schott Mainz - SV Koblenz"]
[Site "?"]
[Date "2021.08.07"]
[Round "8.3"]
[White "Wiedenkeller, Michael"]
[Black "Goebel, Constantin"]
[Result "1-0"]
[WhiteElo "2434"]
[BlackElo "2278"]
[PlyCount "143"]
[EventDate "2021.??.??"]

1. d4 Nf6 2. c4 e6 3. Nc3 Bb4 4. Qc2 O-O 5. Nf3 b6 6. e4 Bb7 7. Bd3 d5 8. cxd5
exd5 9. e5 Ne4 10. O-O f5 11. exf6 Nxf6 12. Ng5 Bd6 13. Bxh7+ Kh8 14. Bf5 Qe8
15. Bg6 Qd7 16. h3 Nc6 17. Be3 Ba6 18. Bf5 Nb4 19. Qb1 Qe8 20. Re1 Bc8 21. Bxc8
Qxc8 22. a3 Nc6 23. Nxd5 Qd7 24. Nc3 Ne7 25. Qd3 Nf5 26. Rad1 c6 27. Bc1 Rae8
28. Rxe8 Rxe8 29. Nf7+ Qxf7 30. Qxf5 Qb3 31. Qf3 Qc2 32. g3 Rf8 33. Qd3 Qb3 34.
Ne2 Qe6 35. Kg2 Qd5+ 36. f3 Re8 37. Nc3 Qb3 38. Kf2 Qe6 39. Kg2 Qb3 40. Ne4
Qxd3 41. Rxd3 Nxe4 42. fxe4 Rxe4 43. Be3 Kg8 44. Rc3 Kf7 45. Kf3 Re8 46. g4 Rc8
47. h4 g6 48. d5 c5 49. Bf4 Bf8 50. Be5 Re8 51. Re3 b5 52. Re4 Be7 53. Rf4+ Kg8
54. Bf6 Bf8 55. Re4 Rc8 56. Re6 Kf7 57. Be5 Be7 58. h5 gxh5 59. gxh5 Bf8 60.
Ra6 Ra8 61. Ke4 b4 62. axb4 cxb4 63. b3 Bc5 64. Rf6+ Kg8 65. d6 a5 66. Rh6 Ra7
67. Kd5 Bb6 68. Rh8+ Kf7 69. Rh7+ Kg8 70. Rxa7 Bxa7 71. Kc6 Be3 72. Bf6 1-0

[Event "2BLW 1920 TSV Schott Mainz - SV Koblenz"]
[Site "?"]
[Date "2021.08.07"]
[Round "8.4"]
[White "Mueller, Marco"]
[Black "Seul, Georg"]
[Result "1/2-1/2"]
[WhiteElo "2213"]
[BlackElo "2372"]
[PlyCount "90"]
[EventDate "2021.??.??"]

1. d4 Nf6 2. c4 e6 3. Nf3 Bb4+ 4. Bd2 c5 5. Bxb4 cxb4 6. a3 bxa3 7. Rxa3 O-O 8.
Nc3 d5 9. e3 b6 10. cxd5 exd5 11. Ne5 Bb7 12. Be2 Nc6 13. Nd3 Qe7 14. O-O Rfd8
15. Bf3 Na5 16. Nf4 Nc4 17. Ra2 Bc6 18. Qd3 b5 19. Rfa1 Qb7 20. b3 Nd6 21. Ra6
Nfe4 22. R1a5 f5 23. Ne6 Re8 24. Nc5 Qc7 25. Ne2 Nb7 26. Nxb7 Qxb7 27. Qc2 Rec8
28. Qa2 Rc7 29. b4 Ng5 30. Nf4 Nxf3+ 31. gxf3 Kh8 32. Kf1 Re7 33. Nd3 Qc8 34.
Ra3 Bb7 35. Rxa7 Rxa7 36. Rxa7 g5 37. Nc5 f4 38. Nxb7 Qh3+ 39. Ke2 fxe3 40.
fxe3 Qxh2+ 41. Kd3 Qg1 42. Qe2 Qb1+ 43. Kd2 Qxb4+ 44. Kd3 Qb1+ 45. Kd2 Qb4+
1/2-1/2

[Event "2BLW 1920 TSV Schott Mainz - SV Koblenz"]
[Site "?"]
[Date "2021.08.07"]
[Round "8.5"]
[White "Schenderowitsch, Michael"]
[Black "Gohil, Harry"]
[Result "0-1"]
[WhiteElo "2346"]
[BlackElo "2259"]
[PlyCount "100"]
[EventDate "2021.??.??"]

1. c4 g6 2. Nc3 Bg7 3. g3 d6 4. Bg2 e5 5. d3 Ne7 6. e4 O-O 7. Nge2 f5 8. O-O c6
9. Be3 Be6 10. f4 Nd7 11. Qd2 Nf6 12. fxe5 dxe5 13. exf5 gxf5 14. h3 Qd7 15.
Kh2 Rad8 16. Rad1 b6 17. b4 Qc7 18. Bh6 Ng6 19. Bxg7 Kxg7 20. Qe1 h5 21. Kh1
Rde8 22. Qf2 h4 23. Qf3 hxg3 24. Qxg3 Rh8 25. Rg1 f4 26. Qf3 Bg4 27. Qf2 Bxh3
28. Bxh3 Rxh3+ 29. Kg2 f3+ 30. Kf1 fxe2+ 31. Nxe2 Qf7 32. Ke1 Reh8 33. Kd2 Rh2
34. Qg3 e4 35. Ke1 R8h3 36. Qxg6+ Qxg6 37. Rxg6+ Kxg6 38. Nf4+ Kf5 39. Nxh3
Rxh3 40. dxe4+ Nxe4 41. Rd7 Ra3 42. Rc7 c5 43. bxc5 bxc5 44. Rf7+ Ke5 45. Re7+
Kd4 46. Rd7+ Kxc4 47. Re7 Kd3 48. Rd7+ Ke3 49. Rh7 Rxa2 50. Rh3+ Kd4 0-1

[Event "2BLW 1920 TSV Schott Mainz - SV Koblenz"]
[Site "?"]
[Date "2021.08.07"]
[Round "8.6"]
[White "Lisanti, Andre"]
[Black "Fritsche, Lutz"]
[Result "1/2-1/2"]
[WhiteElo "2218"]
[BlackElo "2306"]
[PlyCount "84"]
[EventDate "2021.??.??"]

1. d4 e6 2. c4 Nf6 3. Nc3 Bb4 4. Bd2 b6 5. e3 Bb7 6. Nf3 O-O 7. Be2 a5 8. O-O
Na6 9. Ne5 d6 10. Nd3 Qe7 11. a3 Bxc3 12. Bxc3 Ne4 13. Be1 c5 14. f3 Nf6 15.
Bh4 d5 16. Ne5 Qd6 17. Bxf6 gxf6 18. Ng4 Kg7 19. Qe1 f5 20. Ne5 Qe7 21. cxd5
exd5 22. Qg3+ Kh8 23. Qh3 Bc8 24. Qh6 Rg8 25. Qd6 Qe6 26. Bxa6 Rxa6 27. Rac1 c4
28. e4 b5 29. Qxd5 f6 30. Qxe6 Bxe6 31. d5 fxe5 32. dxe6 fxe4 33. fxe4 Rxe6 34.
a4 Rb6 35. axb5 Rxb5 36. Rxc4 Rxb2 37. g3 Rd8 38. Rf2 Rb4 39. Rc7 Rxe4 40. Rff7
Rg4 41. Rxh7+ Kg8 42. Rhf7 Re4 1/2-1/2

[Event "2BLW 1920 TSV Schott Mainz - SV Koblenz"]
[Site "?"]
[Date "2021.08.07"]
[Round "8.7"]
[White "Hammes, Michael"]
[Black "Lisanti, Marco"]
[Result "1/2-1/2"]
[WhiteElo "2348"]
[BlackElo "2089"]
[PlyCount "70"]
[EventDate "2021.??.??"]

1. d4 Nf6 2. c4 c5 3. d5 b5 4. cxb5 a6 5. e3 Bb7 6. Nc3 axb5 7. Bxb5 Qa5 8. Bd2
Qb6 9. Bc4 e6 10. Qb3 Qxb3 11. Bxb3 exd5 12. Nf3 Na6 13. O-O c4 14. Bc2 Nb4 15.
Nd4 Nxc2 16. Nxc2 Bc5 17. b4 cxb3 18. axb3 Ke7 19. b4 Bd6 20. Nd4 g6 21. b5 Ne4
22. Nxe4 dxe4 23. Rab1 Ra4 24. Rfc1 Rc8 25. Rxc8 Bxc8 26. Bc3 Bb7 27. Kf1 Rc4
28. Ne2 Ke6 29. Ke1 Bc5 30. Kd2 Ra4 31. Ra1 Rxa1 32. Bxa1 Bb4+ 33. Bc3 Bd6 34.
h3 Kd5 35. Bd4 Kc4 1/2-1/2

[Event "2BLW 1920 TSV Schott Mainz - SV Koblenz"]
[Site "?"]
[Date "2021.08.07"]
[Round "8.8"]
[White "Werner, Dimo"]
[Black "Repplinger, Marc"]
[Result "1/2-1/2"]
[WhiteElo "1976"]
[BlackElo "2223"]
[PlyCount "45"]
[EventDate "2021.??.??"]

1. d4 e6 2. c4 d5 3. Nc3 c5 4. cxd5 exd5 5. Nf3 Nc6 6. e3 Nf6 7. Be2 Be7 8. O-O
O-O 9. b3 Re8 10. Bb2 cxd4 11. Nxd4 Bd6 12. Rc1 Bb8 13. Nf3 Bg4 14. Rc2 a6 15.
Rd2 Qc7 16. g3 Be6 17. Nd4 Nxd4 18. Rxd4 Ba7 19. Rd2 Rad8 20. Bf3 Bh3 21. Re1
d4 22. exd4 Rxe1+ 23. Qxe1 1/2-1/2

[Event "2BLW 1920 SG Solingen II - SC Siegburg"]
[Site "?"]
[Date "2021.08.07"]
[Round "8.3"]
[White "Grinev, Valeriy"]
[Black "Wegerle, Joerg"]
[Result "1/2-1/2"]
[WhiteElo "2425"]
[BlackElo "2399"]
[PlyCount "81"]
[EventDate "2021.??.??"]

1. c4 e6 2. Nf3 d5 3. g3 Nf6 4. Bg2 Be7 5. O-O O-O 6. d4 dxc4 7. Qc2 a6 8. a4
Bd7 9. Qxc4 Bc6 10. Bf4 Bd6 11. Qc1 Bxf4 12. Qxf4 Qd6 13. a5 Nbd7 14. Nbd2 Qxf4
15. gxf4 Ne4 16. Rfd1 Nxd2 17. Nxd2 Bxg2 18. Kxg2 c6 19. Ra4 Nf6 20. Nb3 Nd5
21. e3 Rfd8 22. Nc5 Rab8 23. Kf3 Kf8 24. Rg1 g6 25. h4 Ke7 26. h5 gxh5 27. Rh1
Nf6 28. Rb4 Nd7 29. Nxb7 Rdc8 30. Rb3 Rc7 31. Nc5 Rxb3 32. Nxb3 Rb7 33. Nc1
Rxb2 34. Rxh5 Rb5 35. Rxh7 Rxa5 36. Nd3 Rb5 37. Rh8 Rb8 38. Rh5 Rb5 39. Rh8 Rb8
40. Rh5 Rb5 41. Rh8 1/2-1/2

[Event "2BLW 1920 SG Solingen II - SC Siegburg"]
[Site "?"]
[Date "2021.08.07"]
[Round "8.4"]
[White "Schlecht, Daniel"]
[Black "Omelja, Artem"]
[Result "1/2-1/2"]
[WhiteElo "2377"]
[BlackElo "2499"]
[PlyCount "25"]
[EventDate "2021.??.??"]

1. d4 d5 2. c4 e6 3. Nf3 Nf6 4. Nc3 Be7 5. Bf4 O-O 6. e3 b6 7. Bd3 c5 8. dxc5
bxc5 9. O-O Nc6 10. cxd5 exd5 11. Rc1 h6 12. Ne5 Nxe5 13. Bxe5 1/2-1/2

[Event "2BLW 1920 SG Solingen II - SC Siegburg"]
[Site "?"]
[Date "2021.08.07"]
[Round "8.6"]
[White "Hobusch, Jan"]
[Black "Maly, Alexey"]
[Result "1/2-1/2"]
[WhiteElo "2244"]
[BlackElo "2370"]
[PlyCount "37"]
[EventDate "2021.??.??"]

1. d4 d5 2. Bf4 Nf6 3. e3 e6 4. Nd2 c5 5. c3 Bd6 6. Bg3 Qc7 7. Ngf3 Nbd7 8. Bd3
O-O 9. O-O e5 10. dxe5 Nxe5 11. Nxe5 Bxe5 12. Qc2 b6 13. a4 a5 14. e4 Bxg3 15.
hxg3 Bb7 16. exd5 Bxd5 17. Ne4 Nxe4 18. Bxe4 Bxe4 19. Qxe4 1/2-1/2